Manual de educación ambiental
Guardat en:
| Autor principal: | |
|---|---|
| Format: | Llibre |
| Idioma: | espanyol |
| Publicat: |
Valparaíso
Ministerio de Educación Secretaria Ministerial
1991
|
| Matèries: | |
| Etiquetes: |
Afegir etiqueta
Sense etiquetes, Sigues el primer a etiquetar aquest registre!
|
MARC
| LEADER | 00000nam a2200000 a 4500 | ||
|---|---|---|---|
| 001 | UCW6576 | ||
| 003 | CL-VaPUC | ||
| 008 | 920402e19910000CL |||||||||||||||||spa|d | ||
| 082 | 0 | 4 | |a 372.357 |b CID |2 21 |
| 100 | 0 | |a Cid Ortega, Patricia |e author |9 311576 | |
| 245 | 1 | 0 | |a Manual de educación ambiental |
| 300 | |a 83 p | ||
| 942 | |c BK | ||
| 945 | |d 19920402 00:00:00 | ||
| 260 | |a Valparaíso |b Ministerio de Educación Secretaria Ministerial |c 1991 | ||
| 650 | 0 | |a Protección del medio ambiente |9 257626 | |
| 650 | 0 | |a Ecología |9 258124 | |
| 650 | 7 | |a CONSERVACION DE LOS RECURSOS NATURALES |2 CL-VaPUC |9 261621 | |
| 583 | |a last modification |c 19920402 00:00:00 |k Rodrigo Vera | ||
| 999 | |c 219571 |d 219569 | ||
| 952 | |0 0 |1 0 |4 0 |6 372_357000000000000_CID_1991 |7 0 |8 P |9 210657 |a BIBEDU |b BIBEDU |c BIBEDU_PB |d 2019-11-15 |i 1503766 |o 372.357 CID 1991 |p 1503766 |r 2024-01-25 |w 2019-11-15 |y BK |k EDU | ||